HANDBOOK OF LABOUR AND INDUSTRIAL LAW (Record no. 10268)
[ view plain ]
| 000 -LEADER | |
|---|---|
| fixed length control field | 00352nam a22001457a 4500 |
| 003 - CONTROL NUMBER IDENTIFIER | |
| control field | SGT |
| 020 ## - INTERNATIONAL STANDARD BOOK NUMBER | |
| International Standard Book Number | 9789351453239 |
| 082 ## - DEWEY DECIMAL CLASSIFICATION NUMBER | |
| Classification number | 344,MAL |
| 100 ## - MAIN ENTRY--PERSONAL NAME | |
| Personal name | MALIK,S, P.L. |
| 245 ## - TITLE STATEMENT | |
| Title | HANDBOOK OF LABOUR AND INDUSTRIAL LAW |
| 260 ## - PUBLICATION, DISTRIBUTION, ETC. (IMPRINT) | |
| Place of publication, distribution, etc | LACKNOW |
| Name of publisher, distributor, etc | EASTERN BOOK COMPANY |
| Year of Publication | 2016 |
| 300 ## - PAGE DESCRIPTION | |
| No. of Pages | 1448 |
| 650 ## - SUBJECT ADDED ENTRY--TOPICAL TERM | |
| Topical term or geographic name as entry element | LABOUR AND INDUSTRIAL LAW |
| 942 ## - ADDED ENTRY ELEMENTS (KOHA) | |
| Source of classification or shelving scheme | Dewey Decimal Classification |
| Koha item type | Books |
| 942 ## - ADDED ENTRY ELEMENTS (KOHA) | |
| -- | 1 |
| Withdrawn status | Lost status | Source of classification or shelving scheme | Damaged status | Not for loan | Collection code | Home library | Current library | Shelving location | Date acquired | Vendor Name | Cost, normal purchase price | SGTU | Bill Number | Total Checkouts | Full call number | Accession No. (Barcode) | Date last seen | Date last borrowed | Bill Date | Koha item type |
|---|---|---|---|---|---|---|---|---|---|---|---|---|---|---|---|---|---|---|---|---|
| Dewey Decimal Classification | LAW | SGT Science & Social Sciences Library | SGT Science & Social Sciences Library | Text Book | 17/12/2016 | SETH AND COMPANY | 945.00 | SGTU | 3124 | 4 | 344,MAL | FL1535 | 19/02/2022 | 03/02/2022 | 14/12/2016 | Books | ||||
| Dewey Decimal Classification | LAW | SGT Science & Social Sciences Library | SGT Science & Social Sciences Library | Text Book | 17/12/2016 | SETH AND COMPANY | 945.00 | SGTU | 3124 | 1 | 344,MAL | FL1536 | 07/11/2022 | 01/11/2022 | 14/12/2016 | Books | ||||
| Dewey Decimal Classification | Not For Loan | LAW | SGT Science & Social Sciences Library | SGT Science & Social Sciences Library | Reference Book | 17/12/2016 | SETH AND COMPANY | 945.00 | SGTU | 3124 | 344,MAL | FL1537 | 17/12/2016 | 14/12/2016 | Books |